| 000 | 01517cam a2200313 a 4500 | ||
|---|---|---|---|
| 001 | 13631762 | ||
| 005 | 20111104091117.0 | ||
| 008 | 040621s2005 maua b 001 0 eng | ||
| 010 | _a 2004055184 | ||
| 020 | _a0072848235 (acidfree paper) | ||
| 040 |
_aDLC _cDLC _dDLC |
||
| 082 | 0 | 0 |
_a660.2842 _222 _bMCC |
| 100 | 1 |
_aMcCabe, Warren L. _q(Warren Lee), _d1899- _929436 |
|
| 245 | 1 | 0 | _aUnit operations of chemical engineering. |
| 250 |
_a7th ed. / _bWarren L. McCabe, Julian C. Smith, Peter Harriott. |
||
| 260 |
_aBoston : _bMcGraw-Hill, _cc2005. |
||
| 300 |
_axxv, 1140 p. : _bill. ; _c25 cm. |
||
| 440 | 0 |
_aMcGraw-Hill chemical engineering series _929437 |
|
| 504 | _aIncludes bibliographical references and index. | ||
| 650 | 0 |
_aChemical processes. _929438 |
|
| 653 |
_bChe _cMarch2012 |
||
| 700 | 1 |
_aSmith, Julian C. _q(Julian Cleveland), _d1919- _929439 |
|
| 700 | 1 |
_aHarriott, Peter. _929440 |
|
| 942 |
_2ddc _cBB |
||
| 999 |
_c16599 _d16599 |
||